<?xml version="1.0" encoding="UTF-8"?><?xml-stylesheet type="text/xsl" href="static/style.xsl"?><OAI-PMH xmlns="http://www.openarchives.org/OAI/2.0/" xmlns:xsi="http://www.w3.org/2001/XMLSchema-instance" xsi:schemaLocation="http://www.openarchives.org/OAI/2.0/ http://www.openarchives.org/OAI/2.0/OAI-PMH.xsd"><responseDate>2026-04-13T01:09:06Z</responseDate><request verb="GetRecord" identifier="oai:www.recercat.cat:2117/346427" metadataPrefix="marc">https://recercat.cat/oai/request</request><GetRecord><record><header><identifier>oai:recercat.cat:2117/346427</identifier><datestamp>2025-07-22T16:52:57Z</datestamp><setSpec>com_2072_1033</setSpec><setSpec>col_2072_452951</setSpec></header><metadata><record xmlns="http://www.loc.gov/MARC21/slim" xmlns:dcterms="http://purl.org/dc/terms/" xmlns:xsi="http://www.w3.org/2001/XMLSchema-instance" xmlns:doc="http://www.lyncode.com/xoai" xsi:schemaLocation="http://www.loc.gov/MARC21/slim http://www.loc.gov/standards/marcxml/schema/MARC21slim.xsd">
   <leader>00925njm 22002777a 4500</leader>
   <datafield ind2=" " ind1=" " tag="042">
      <subfield code="a">dc</subfield>
   </datafield>
   <datafield ind2=" " ind1=" " tag="720">
      <subfield code="a">Feliu Oliva, Eduard</subfield>
      <subfield code="e">author</subfield>
   </datafield>
   <datafield ind2=" " ind1=" " tag="260">
      <subfield code="c">2021-05-27</subfield>
   </datafield>
   <datafield ind2=" " ind1=" " tag="520">
      <subfield code="a">El projecte consisteix en l’estudi, disseny i millora d’una màquina apiladora de safates. Primer s’estudia el funcionament de la màquina actual i les millores que s’han aplicat al llarg dels anys. Després s’estableixen uns requisits de disseny per a la nova generació de la màquina, basant-se en les noves necessitats del mercat. Tot seguit s’expliquen les diferents solucions de disseny que s’han adoptat en els principals components i es presenta el nou mecanisme. Per acabar es calculen els esforços als quals estan sotmesos els components del mecanisme i es comprova que estan dimensionats correctament. També s’estudia el fenomen de la fatiga en aquelles peces que hi poden estar afectades com, per exemple, els eixos. Al final es fa un pressupost del cost del projecte i un estudi de l’impacte ambiental.</subfield>
   </datafield>
   <datafield tag="653" ind2=" " ind1=" ">
      <subfield code="a">Àrees temàtiques de la UPC::Enginyeria mecànica</subfield>
   </datafield>
   <datafield tag="653" ind2=" " ind1=" ">
      <subfield code="a">Electronic security systems -- Equipment and supplies</subfield>
   </datafield>
   <datafield tag="653" ind2=" " ind1=" ">
      <subfield code="a">Manipulators (Mechanism) -- Design and construction</subfield>
   </datafield>
   <datafield tag="653" ind2=" " ind1=" ">
      <subfield code="a">Sistemes electrònics de seguretat -- Aparells i accessoris</subfield>
   </datafield>
   <datafield tag="653" ind2=" " ind1=" ">
      <subfield code="a">Manipuladors (Mecanismes) -- Disseny i construcció</subfield>
   </datafield>
   <datafield ind2="0" ind1="0" tag="245">
      <subfield code="a">Disseny i optimització del mecanisme d'una màquina apiladora de safates</subfield>
   </datafield>
</record></metadata></record></GetRecord></OAI-PMH>